000 00342nam a22001457a 4500
003 OSt
005 20211102095345.0
008 211102b |||||||| |||| 00| 0 eng d
040 _cHU
082 _a627 CHA 2008
100 _aChander Subhash
_916598
245 _aWATER RESOURCES SYSTEMS
300 _a562p
_bP.C
_c24CM
942 _2ddc
_cBOOKS
_n0
999 _c16238
_d16238